LEADER 01338nam--2200373---450- 001 990002902620203316 005 20070413120505.0 010 $a88-14-12583-X 035 $a000290262 035 $aUSA01000290262 035 $a(ALEPH)000290262USA01 035 $a000290262 100 $a20070413d2006----km-y0itay50------ba 101 $aita 102 $aIT 105 $a||||||||001yy 200 1 $aCircolazione stradale$eresponsabilità civile, risarcimento del danno, assicurazione obbligatoria$erassegna completa ed ggiornata della giurisprudenza sostanziale e processuale$ela nuova legge sull'assicurazione obbligatoria commentata$ele tabelle per la liquidazione del danno e per la rivalutazione monetaria$fGianni Bellagamba, Giuseppe Cariti 210 $aMilano$cGiuffrè$d2006 215 $aXXV, 1027 p.$d24 cm 410 0$12001 454 1$12001 461 1$1001-------$12001 606 0 $aIncidenti stradali$xResponsabilità civile$xGiurisprudenza 676 $a346.450322 700 1$aBELLAGAMBA,$bGianni$0145299 701 1$aCARITI,$bGiuseppe$0145300 801 0$aIT$bsalbc$gISBD 912 $a990002902620203316 951 $aIG I 2599$b53810 G.$cIG I$d00129667 959 $aBK 969 $aGIU 979 $aFIORELLA$b90$c20070413$lUSA01$h1205 996 $aCircolazione stradale$9989247 997 $aUNISA LEADER 03182nam 22007692 450 001 9910136384803321 005 20230621141341.0 010 $a1-4744-2637-9 010 $a1-4744-1093-6 010 $a1-4744-1884-8 024 7 $a10.1515/9781474402262 035 $a(CKB)3710000000614399 035 $a(SSID)ssj0001651293 035 $a(PQKBManifestationID)16426412 035 $a(PQKBTitleCode)TC0001651293 035 $a(PQKBWorkID)14954879 035 $a(PQKB)11173493 035 $a(UkCbUP)CR9781474402262 035 $a(StDuBDS)EDZ0001740601 035 $a(MiAaPQ)EBC5771872 035 $a(OCoLC)1103676761 035 $a(MdBmJHUP)muse73645 035 $a(OCoLC)945783891 035 $a(ScCtBLL)ac3aa031-8e7d-4cee-8977-93fd7722eed4 035 $a(DE-B1597)614170 035 $a(DE-B1597)9781474402262 035 $a(oapen)https://directory.doabooks.org/handle/20.500.12854/39739 035 $a(OCoLC)1301547344 035 $a(EXLCZ)993710000000614399 100 $a20160516d2016|||| uy| 0 101 0 $aeng 135 $aur||||||||||| 181 $ctxt$2rdacontent 182 $cc$2rdamedia 183 $acr$2rdacarrier 200 14$aThe Jalayirids $edynastic state formation in the Mongol Middle East /$fPatrick Wing$b[electronic resource] 210 $cEdinburgh University Press$d2016 210 1$aEdinburgh :$cEdinburgh University Press,$d2016. 215 $a1 online resource (xii, 228 pages) $cdigital, PDF file(s) 300 $aTitle from publisher's bibliographic system (viewed on 09 Sep 2016). 311 $a1-4744-0225-9 311 $a1-4744-0226-7 320 $aIncludes bibliographical references (pages 209-223) and index. 327 $aList of illustrations -- Acknowledgements -- Abbreviations for primary and secondary source texts -- Introduction and sources for the history of the Jalayirids -- tribes and the Chinggisid Empire -- The Jalayirs and the Early Ilkhanate -- From tribal Amirs to royal in-laws -- Crisis and transition (1335-56) -- Shaykh Uvays and the Jalayirid dynasty -- Dynastic ideology during the reign of Shaykh Uvays -- Challenges to the Jalayirid Order -- conclusions and the legacy of the Jalayirids -- maps and genealogical chart -- Bibliography -- Index. 330 $aThis book examines the rise and collapse of Mongol rule in Iran and Iraq, and its revival by a family of sultans who claimed to be the rightful heirs to the Mongol khans. The Jalayirids offers a glimpse at a long overlooked but critical period in the history of the Middle East in the late medieval period. 606 $aJala?yirids 607 $aIran$xHistory$y1256-1500 610 $aHistory 610 $aAzerbaijan (Iran) 610 $aBaghdad 610 $aEmir 610 $aGenghis Khan 610 $aIlkhanate 610 $aJalairid Sultanate 610 $aJalairs 610 $aSultan 610 $aTabriz 615 0$aJala?yirids. 676 $a955/.026 686 $aNM 4600$2rvk 700 $aWing$b Patrick$0884400 801 0$bUkCbUP 801 1$bUkCbUP 906 $aBOOK 912 $a9910136384803321 996 $aThe Jalayirids$91975103 997 $aUNINA